000 00685nam a2200241Ia 4500
003 GCL
008 140319s9999 xx 000 0 ara d
040 _aGCL /
_cGCL
082 0 4 _a128.3
_bن ن
100 1 _aنظمى لوقا
245 1 0 _aنحو مفهوم انسانى للانسان, للوجود, للمطلق /
_cنظمى لوقا
260 _a[S.N] :
_bمكتبة غريب
300 _a207 ص
490 _a
650 0 4 _aالفلسفة الحديثة
650 0 4 _aالانسانيات
650 0 4 _aالمعرفة
650 0 4 _aالكون
650 0 4 _aالفلسفة الشرقية
650 0 4 _aالحقيقة
650 0 4 _aالوجود
942 _2ddc
_cBK
999 _c34973
_d34973